| 000 | 01209nam0a22002531i 4500 | ||
|---|---|---|---|
| 001 | rc\3627308 | ||
| 005 | 20240726100609.0 | ||
| 021 |
_aRU _b[72-16315а] |
||
| 035 | _a(NLR Aleph) 007878082 | ||
| 090 |
_a7900505 _c7900505 |
||
| 100 | _a20130115d1972 |||y0rusy50 ca | ||
| 101 | 0 | _arus | |
| 102 | _aRU | ||
| 105 | _ay d ||||| | ||
| 200 | 1 |
_aОрганизация и экономическая эффективность интенсивного выращивания и откорма крупного рогатого скота в условиях Курганской области _e(На примере хоз-в Притобольного р-на Курган. обл.) _eАвтореф. дис. на соиск. учен. степени канд. экон. наук _e(594) _fВсесоюз. науч.-исслед. ин-т экономики сел. хоз-ва |
|
| 210 |
_aМосква _d1972 |
||
| 215 | _a26 с. | ||
| 320 | _aСписок работ авт.: с. 25-26 (14 назв.) | ||
| 700 | 1 |
_aМахнев _bА.И. _gАлександр Иванович |
|
| 790 | 1 |
_aМахнев _bА.И. |
|
| 801 | 0 |
_aRU _bNLR _gpsbo |
|
| 801 | 1 |
_aRU _bELAR _2rusmarc |
|
| 852 |
_aNLR _j73-4/808 |
||
| 942 | _cBOOK | ||